000 00375nam a22001217a 4500
999 _c10109
_d10109
003 OSt
008 201218b ||||| |||| 00| 0 eng d
245 _aAdvance Development in Software Engineering
250 _a2018(Jan-Jun Vol.6 No.1, Jul-Dec Vol.6 No.2)
260 _aNew Delhi
_bGBS Publishers and Distributors
650 _aComputer Science Engineering
942 _2ddc
_cBV